Fundamentals of ethics / (Record no. 99173)

MARC details
000 -LEADER
fixed length control field 00620nam a2200229 4500
003 - CONTROL NUMBER IDENTIFIER
control field URS
005 - DATE AND TIME OF LATEST TRANSACTION
control field 20260323090655.0
008 - FIXED-LENGTH DATA ELEMENTS--GENERAL INFORMATION
fixed length control field 020101b xxu||||| |||| 00| 0 eng d
020 ## - INTERNATIONAL STANDARD BOOK NUMBER
International Standard Book Number 9711180790
040 ## - CATALOGING SOURCE
Transcribing agency ddl
041 ## - LANGUAGE CODE
Language code of text/sound track or separate title eng
050 00 - LIBRARY OF CONGRESS CALL NUMBER
Classification number BJ 1025
Item number Q84 2008
100 1# - MAIN ENTRY--PERSONAL NAME
Personal name Quito, Emerita S.
Relator term author
245 10 - TITLE STATEMENT
Title Fundamentals of ethics /
Statement of responsibility, etc. Emerita S. Quito.
260 ## - PUBLICATION, DISTRIBUTION, ETC.
Place of publication, distribution, etc. Manila :
Name of publisher, distributor, etc. De La Salle University Press,
Date of publication, distribution, etc. c1989.
300 ## - PHYSICAL DESCRIPTION
Extent 187 leaves;
Dimensions 22 cm
336 ## - CONTENT TYPE
Source rdacontent
Content type term text
Content type code txt
337 ## - MEDIA TYPE
Source rdamedia
Media type term unmediated
Media type code n
338 ## - CARRIER TYPE
Source rdacarrier
Carrier type term volume
Carrier type code nc
650 ## - SUBJECT ADDED ENTRY--TOPICAL TERM
Topical term or geographic name entry element Ethics.
942 ## - ADDED ENTRY ELEMENTS (KOHA)
Source of classification or shelving scheme Dewey Decimal Classification
Koha item type Filipiniana
Holdings
Withdrawn status Source of classification or shelving scheme Damaged status Not for loan Home library Current library Shelving location Date acquired Total Checkouts Full call number Barcode Date last seen Copy number Price effective from Koha item type
  Library of Congress Classification     Binangonan College Library Binangonan College Library Filipiniana Section 03/18/2026   FIL BJ 1025 Q84 2008 URSBIN-F1692 03/18/2026 1 03/18/2026 Filipiniana
  Library of Congress Classification     Binangonan College Library Binangonan College Library Filipiniana Section 03/18/2026   FIL BJ 1025 Q84 2008 c.2 URSBIN-F1693 03/18/2026 2 03/18/2026 Filipiniana

University of Rizal System
Email us at univlibservices@urs.edu.ph

Visit our Website www.urs.edu.ph/library